A _ _ _ _ _ R to Z _ _ _ _ _ R Quiz Stats

 Plays Quiz not verified by Sporcle

Challenge
Share
Tweet
Embed
Score 0/26 Timer 04:00
0 Plays Today
Hint Answer % Correct
No X answerNo X answer
100%
Organ in the body that holds urineBladder
90.6%
10th month of the yearOctober
90.6%
Slow moving mass of iceGlacier
90%
Imaginary line around the EarthEquator
89.4%
Adult male chickenRooster
89.4%
Not as oldYounger
88.3%
EternallyForever
87.2%
Burrowing rodent and common petHamster
83.3%
Supreme god of RomansJupiter
83.3%
Edible marine crustaceanLobster
82.8%
Cutting or gnawing toothIncisor
81.7%
Divide by fourQuarter
81.1%
Hint Answer % Correct
British royal house (since 1917)Windsor
78.3%
Asian countryMyanmar
75.6%
One who illegally seizes the place of anotherUsurper
73.9%
French chemist and biologist (1822-1895)Pasteur
67.2%
One who operates an aircraftAviator
66.1%
Quicker and more energeticZippier
65.6%
Dilute acetic acidVinegar
64.4%
Disputed area between Pakistan and IndiaKashmir
61.7%
Localized and violently destructive windstormTwister
60.6%
Widow holding property (from deceased husband)Dowager
44.4%
Resembling a cloudNebular
37.2%
Barbary Coast pirateCorsair
28.3%
Naval officer in command of a military shipSkipper
23.3%

You're not logged in!

Compare scores with friends on all Sporcle quizzes.
OR
Log In

You Might Also Like...

Show Comments

Extras

Top Quizzes Today


Score Distribution

Your Account Isn't Verified!

In order to create a playlist on Sporcle, you need to verify the email address you used during registration. Go to your Sporcle Settings to finish the process.

Report this User

Report this user for behavior that violates our Community Guidelines.

Details: